Statistics for Closest country acrostics- E countries

Click here to take the quiz!

General Stats

  • This quiz has been taken 533 times
    (474 since last reset)
  • The average score is 54 of 69

Answer Stats

HintAnswer% Correct
OOman
95%
IIndonesia
93%
OOman
93%
YYemen
93%
CColombia
92%
EEritrea
91%
AAustralia
90%
SSingapore
90%
EEl Salvador
89%
OOman
89%
QQatar
89%
AAntigua and Barbuda
88%
OOman
88%
AAntigua and Barbuda
87%
DDominican Republic
87%
EEcuador
87%
TThailand
87%
UUnited States
87%
MMalaysia
86%
EEthiopia
85%
UUganda
85%
VVenezuela
85%
AAngola
84%
DDominican Republic
84%
EEthiopia
84%
EEthiopia
83%
EEritrea
82%
OOman
82%
AArgentina
81%
GGabon
81%
OOman
81%
RRwanda
81%
TTurkey
81%
EEritrea
80%
AAlgeria
79%
SSweden
79%
GGreece
78%
TTaiwan
78%
RRwanda
77%
SSaint Kitts and Nevis
77%
LLiberia
76%
NNorway
76%
TTogo
76%
NNigeria
75%
EEgypt
74%
TTanzania
74%
UUnited Kingdom
74%
EEgypt
73%
HHungary
73%
IIsrael
73%
IIsrael
73%
TTanzania
73%
TTurkey
73%
AAustria
72%
IItaly
71%
IIsrael
70%
LLiberia
70%
RRepublic of the Congo
69%
IIreland
68%
PPoland
68%
RRomania
68%
AAngola
67%
IIraq
65%
RRepublic of the Congo
63%
PPakistan
62%
RRepublic of the Congo
62%
LLuxembourg
60%
AArmenia
56%
AAlbania
53%

Score Distribution

Percentile by Number Answered

Percent of People with Each Score

Your Score History

You have not taken this quiz since the last reset